The logic of punctuation, for all who have to do with written English / (Record no. 61319)
[ view plain ]
| 000 -LEADER | |
|---|---|
| fixed length control field | 00693nam a2200217 a 4500 |
| 001 - CONTROL NUMBER | |
| control field | 61319 |
| 003 - CONTROL NUMBER IDENTIFIER | |
| rucl marc code | BD-RjUL |
| 005 - DATE AND TIME OF LATEST TRANSACTION | |
| control field | 20211209080939.0 |
| 008 - FIXED-LENGTH DATA ELEMENTS--GENERAL INFORMATION | |
| fixed length control field | 170117s1926 cauc 000 0 eng d |
| 035 ## - SYSTEM CONTROL NUMBER | |
| System control number | (BD-RjUL)61443 |
| 040 ## - CATALOGING SOURCE | |
| Original cataloging agency | DLC |
| Transcribing agency | CarP |
| Modifying agency | DLC |
| Language of cataloging | eng |
| 041 ## - LANGUAGE CODE | |
| Language code of text/sound track or separate title | eng |
| 082 ## - DEWEY DECIMAL CLASSIFICATION NUMBER | |
| Edition number | 23 |
| Classification number | 411.11 |
| Author mark and year | MOL 1926 |
| 100 1# - MAIN ENTRY--PERSONAL NAME | |
| Personal name | Morrow, William Chambers, |
| Dates associated with a name | 1853-1923. [from old catalog] |
| 9 (RLIN) | 182879 |
| 245 14 - TITLE STATEMENT | |
| Title | The logic of punctuation, for all who have to do with written English / |
| Statement of responsibility, etc. | W. C. Morrow |
| 260 ## - PUBLICATION, DISTRIBUTION, ETC. (IMPRINT) | |
| Place of publication, distribution, etc. | San Francisco, Calif. : |
| Name of publisher, distributor, etc. | H. Law, |
| Date of publication, distribution, etc. | c1926 |
| 300 ## - PHYSICAL DESCRIPTION | |
| Pagination | xvi, 3-245 p. : |
| Illustrations | ill. ; |
| Size | 22 cm. |
| 650 #0 - SUBJECT ADDED ENTRY--TOPICAL TERM | |
| Topical term or geographic name as entry element | English language |
| General subdivision | Punctuation. |
| 9 (RLIN) | 182880 |
| 942 ## - ADDED ENTRY ELEMENTS (KOHA) | |
| Source of classification or shelving scheme | Dewey Decimal Classification |
| Koha item type | Books |
| Lost status | Source of classification or shelving scheme | Damaged status | Not for loan | Collection code | Permanent Location | Current Location | Shelving location | Date acquired | Source of acquisition | Total Checkouts | Full call number | Date last seen | Copy number | Koha item type |
|---|---|---|---|---|---|---|---|---|---|---|---|---|---|---|
| Dewey Decimal Classification | Not For Loan | Non-fiction | Central Library, University of Rajshahi | Central Library, University of Rajshahi | Reading Room | 20/06/1957 | Asia Foundation | 411.11 MOL 1926 | 17/01/2017 | C-1 | Books |